00495nam a2200157Ia 4500008004100000020001800041082001400059100005200073245005400125250000700179260003200186300002900218500001900247600002100266650005000287240925s9999 xx 000 0 und d a9783642410536 a004.6 SHA aShaikh, Faisal Karim; Chowdhry, Bhawani Shankar 0aWireless Sensor Networks for Developing Countries aNA aNew York:bSpringerc,2013. aviii, 672p.b0fOriginal aIncludes Index aComputer Science aComputer science, information & general works